000
00408nam a2200145Ia 4500
008
100122s9999 xx 000 0 und d
082
_b
3348
_a
823.08
100
_a
दिघे प्र नु
245
_a
इंद्रधनू
260
_b
प्रकाशक शोधणे
_c
1924
300
_a
80
630
_a
इंद्रधनू
730
_a
इंद्रधनू
942
_c
BOOK
999
_c
397419
_d
397416